Analýza právnej úpravy použitia sily v medzinárodnom práve v kontexte vývoja vzťahov medzi Ruskom a Ukrajinou

Historickoprávna analýza vývoja vedúceho k zákazu agresie, ako aj osobitné právne situácie, v ktorých je povolené legálne použitie sily v súčasnom medzinárodnom práve a v medzinárodných vzťahoch.

Enregistré dans:
Détails bibliographiques
Auteur principal: Vršanský, Peter
Format: Chapitre de livre
Langue:slovaque
Sujets:
Tags: Ajouter un tag
Pas de tags, Soyez le premier à ajouter un tag!

MARC

LEADER 00000naa a2200000 4500
001 0192608
005 20221020081649.6
041 0 |a slo 
044 |a SK 
245 1 0 |a Analýza právnej úpravy použitia sily v medzinárodnom práve v kontexte vývoja vzťahov medzi Ruskom a Ukrajinou  |c Peter Vršanský 
520 |a Historickoprávna analýza vývoja vedúceho k zákazu agresie, ako aj osobitné právne situácie, v ktorých je povolené legálne použitie sily v súčasnom medzinárodnom práve a v medzinárodných vzťahoch. 
610 2 0 |a právo medzinárodné 
610 2 0 |a Rusko 
610 2 0 |a Ukrajina 
610 2 0 |a konflikty medzinárodné 
610 2 0 |a politika medzinárodná 
610 2 0 |a legislatíva 
100 1 |a Vršanský, Peter